=LDR 00000nam 2200000 4500 =001 INLIS000000000020105 =005 20130612115106 =008 ***********************************Ind** =035 ##$$0010-061300000020105 =041 ##$$a Ind =082 ##$$a 336 =090 ##$$a 336, Sia p =100 ##$$a Siahaan, Marihot P =245 ##$$a Pajak daerah dan retribusi daerah, oleh Marihot P. Siahaan, SE =260 ##$$a 2005 $b Jakarta =300 ##$$a xxii, 472 hlm, 21 cm =650 ##$$a Pajak Daerah =850 ##$$a NBPNMAT